Safety rest areas, roadway vegetation, and utility and highway issues 1991.

Bibliographic Details
Corporate Author: National Research Council (U.S.). Transportation Research Board
Format: Book
Language:English
Published: Washington, D.C. : Transportation Research Board, National Research Council, [1991]
Series:Transportation research record ; no. 1326.
Subjects:

MARC

Tag First Indicator Second Indicator Subfields
LEADER 00000cam a2200000 a 4500
001 in00001070621
005 20150929101647.0
008 920218s1992 dcua tb f000 0 eng
010 |a  92008074  
020 |a 0309051665 
035 |a (OCoLC)25409059 
035 |9 AFP2230AM 
040 |a DLC  |c DLC  |d TXA  |d UtOrBLW 
049 |a TXAM 
050 0 0 |a TE7  |b .H5 no. 1326  |a TE177 
082 0 0 |a 388 s  |a 625.7/7  |2 20 
245 0 0 |a Safety rest areas, roadway vegetation, and utility and highway issues 1991. 
264 1 |a Washington, D.C. :  |b Transportation Research Board, National Research Council,  |c [1991] 
300 |a v, 40 pages :  |b illustrations ;  |c 28 cm. 
336 |a text  |b txt  |2 rdacontent 
337 |a unmediated  |b n  |2 rdamedia 
338 |a volume  |b nc  |2 rdacarrier 
490 1 |a Transportation research record ;  |v no. 1326 
500 |a "Highway and facility design." 
504 |a Includes bibliographical references. 
650 0 |a Roadside improvement. 
650 0 |a Roadside rest areas. 
650 0 |a Roadside plants. 
710 2 |a National Research Council (U.S.).  |b Transportation Research Board. 
830 0 |a Transportation research record ;  |v no. 1326. 
999 |a MARS 
999 f f |s 436db457-4910-3cc1-9b74-c0496dab8697  |i bd300787-73cc-3786-862a-29f3f26533d0  |t 0 
952 f f |p ric  |a Texas A&M University  |b Rellis Campus  |c Joint Library Facility  |d Remote Storage  |t 0  |e TE7 .H5 no.1326  |h Library of Congress classification  |i unmediated -- volume  |m A14815713500 
998 f f |a TE7 .H5 no.1326  |t 0  |l Remote Storage